[Event "Bay Area International"]
[Site "?"]
[Date "2019.01.06"]
[Round "8"]
[White "Jones, Craig"]
[Black "Kretchetov, Alexandre"]
[Result "1-0"]
[WhiteElo "2138"]
[BlackElo "2241"]
[PlyCount "57"]
[EventDate "2019.??.??"]
[SourceVersionDate "2019.01.06"]

1. e4 g6 2. d4 c6 3. c4 Bg7 4. Nc3 d6 5. Nf3 Bg4 6. Be3 Nd7 7. Be2 e6 8. O-O
Ne7 9. Qd2 O-O 10. Rfe1 Qc7 11. Rac1 Rad8 12. d5 a6 13. dxe6 Bxe6 14. Nd4 Rfe8
15. Nxe6 fxe6 16. Bg4 Nf8 17. Red1 c5 18. f4 Nc6 19. Ne2 Qe7 20. Bf3 e5 21. f5
Nd4 22. Rf1 Nd7 23. Nc3 Nb6 24. b3 Rf8 25. g4 Rde8 26. Bg5 Qc7 27. Bg2 Rf7 28.
Rf2 Bf6 29. fxg6 1-0

[Event "Bay Area International"]
[Site "?"]
[Date "2019.01.06"]
[Round "8"]
[White "Kumar, Nikhil"]
[Black "Marek, Matyas"]
[Result "1/2-1/2"]
[WhiteElo "2281"]
[BlackElo "2358"]
[PlyCount "64"]
[EventDate "2019.??.??"]
[SourceVersionDate "2019.01.06"]

1. d4 d5 2. Nf3 Nf6 3. c4 dxc4 4. e3 e6 5. Bxc4 a6 6. O-O c5 7. Qe2 b5 8. Bd3
cxd4 9. Rd1 Nbd7 10. a4 b4 11. Nxd4 Bb7 12. Nd2 Be7 13. b3 Nc5 14. Bc4 O-O 15.
Bb2 Qb6 16. Rac1 Rac8 17. N2f3 Nfe4 18. Ne5 Nc3 19. Bxc3 bxc3 20. Rxc3 Qa5 21.
Rcc1 Ne4 22. Nd3 Bd6 23. f3 Nf6 24. e4 Bb8 25. b4 Qxa4 26. Nc5 Qxb4 27. Nxb7
Ba7 28. e5 Qxb7 29. Bxa6 Rxc1 30. Bxb7 Bxd4+ 31. Kf1 Rxd1+ 32. Qxd1 Bxe5
1/2-1/2

[Event "Bay Area International"]
[Site "?"]
[Date "2019.01.06"]
[Round "8"]
[White "Li, Eric"]
[Black "Gaffagan, Steven"]
[Result "1-0"]
[WhiteElo "2007"]
[BlackElo "1996"]
[PlyCount "51"]
[EventDate "2019.??.??"]
[SourceVersionDate "2019.01.08"]

1. d4 Nf6 2. c4 g6 3. Nc3 Bg7 4. e4 d6 5. Nf3 O-O 6. h3 Na6 7. Be3 c6 8. Be2 e5
9. d5 Nh5 10. O-O c5 11. Re1 Nf4 12. Bf1 f5 13. Bxf4 exf4 14. e5 dxe5 15. Nxe5
Bd7 16. Qd2 g5 17. d6 Be6 18. Nd5 Kh8 19. Ng6+ hxg6 20. Rxe6 Qd7 21. Rae1 Rae8
22. Ne7 Kh7 23. Rxg6 Bf6 24. Qd1 g4 25. hxg4 Rxe7 26. dxe7 1-0

[Event "Bay Area International"]
[Site "?"]
[Date "2019.01.06"]
[Round "8"]
[White "Li, Zhaozhi"]
[Black "Escalante Ramirez, Brian"]
[Result "0-1"]
[WhiteElo "2395"]
[BlackElo "2446"]
[PlyCount "134"]
[EventDate "2019.??.??"]

1. d4 f5 2. c4 Nf6 3. g3 g6 4. Bg2 Bg7 5. Nc3 O-O 6. Nf3 d6 7. O-O Nc6 8. d5
Ne5 9. Nxe5 dxe5 10. Qb3 h6 11. Rd1 g5 12. c5 Kh8 13. Bd2 e4 14. Rac1 Qe8 15.
Be3 f4 16. gxf4 Qh5 17. Nxe4 Nxe4 18. Bxe4 gxf4 19. Bd4 Bxd4 20. Rxd4 f3 21.
Kh1 fxe2 22. Qe3 Bg4 23. Rd3 Qh4 24. Qg3 Qg5 25. Re1 Rf4 26. Bg2 Qf5 27. f3 Rf8
28. Re3 Qxd5 29. R3xe2 Bxf3 30. Bxf3 Rxf3 31. Qe5+ Qxe5 32. Rxe5 Rf1+ 33. Rxf1
Rxf1+ 34. Kg2 Rf7 35. Rd5 Kg7 36. Rd8 c6 37. b4 e6 38. Re8 Kf6 39. Rh8 Kg6 40.
Re8 Kf5 41. Rh8 Kg5 42. Re8 Rf4 43. a3 a5 44. bxa5 Ra4 45. Rxe6 Rxa3 46. Re7
Rxa5 47. Rxb7 Rxc5 48. Kf3 Kh4 49. Kg2 Rc2+ 50. Kg1 Rc1+ 51. Kg2 Rc2+ 52. Kg1
c5 53. Rg7 Rc4 54. Ra7 Rc1+ 55. Kg2 Rc2+ 56. Kg1 h5 57. Ra4+ c4 58. Ra5 Rc1+
59. Kg2 Rc2+ 60. Kg1 Kg4 61. Rc5 h4 62. Re5 Rc1+ 63. Kg2 h3+ 64. Kf2 Rc2+ 65.
Kg1 Rg2+ 66. Kh1 Rd2 67. Kg1 c3 0-1

[Event "Bay Area International"]
[Site "?"]
[Date "2019.01.06"]
[Round "8"]
[White "Liem, Le Quang"]
[Black "Dragun, Kamil"]
[Result "1-0"]
[WhiteElo "2714"]
[BlackElo "2578"]
[PlyCount "81"]
[EventDate "2019.??.??"]

1. c4 e6 2. Nc3 d5 3. d4 Bb4 4. a3 Bxc3+ 5. bxc3 c5 6. e3 Nf6 7. cxd5 Qxd5 8.
Nf3 O-O 9. Be2 Nc6 10. O-O b6 11. Bd3 Bb7 12. e4 Qh5 13. h3 Na5 14. Re1 Rac8
15. Rb1 h6 16. Qe2 Nd7 17. Bf4 Rfe8 18. Bb5 Bc6 19. Ba6 Rcd8 20. Bc7 Ra8 21.
Bg3 Rad8 22. Bd3 Rc8 23. Qe3 f6 24. Nd2 Qf7 25. Rbc1 Qe7 26. Nc4 Nxc4 27. Bxc4
b5 28. Be2 a6 29. a4 c4 30. axb5 Bxb5 31. Bh5 Red8 32. Ra1 Nf8 33. f4 Nd7 34.
Bh4 Nb6 35. Qg3 Qf8 36. e5 f5 37. Bxd8 Qxd8 38. Qg6 Qd7 39. g4 Qd5 40. gxf5
exf5 41. Re3 1-0

[Event "Bay Area International"]
[Site "?"]
[Date "2019.01.06"]
[Round "8"]
[White "Mont-Reynaud, Jordy"]
[Black "Anderson, Michael"]
[Result "1-0"]
[WhiteElo "2241"]
[BlackElo "1751"]
[PlyCount "73"]
[EventDate "2019.??.??"]
[SourceVersionDate "2019.01.08"]

1. c4 f5 2. Nc3 Nf6 3. d4 g6 4. g3 Bg7 5. Bg2 O-O 6. Nf3 d6 7. O-O c6 8. Re1
Ne4 9. Qd3 Nxc3 10. bxc3 e5 11. e4 fxe4 12. Qxe4 Bf5 13. Qe3 e4 14. Nd2 d5 15.
Ba3 Re8 16. f3 Na6 17. cxd5 Qa5 18. dxc6 Qxa3 19. cxb7 Rab8 20. fxe4 Rxb7 21.
Nc4 Qf8 22. e5 Rc7 23. Nd6 Rb8 24. Bd5+ Kh8 25. Qe2 Rb6 26. g4 Rxd6 27. exd6
Qxd6 28. gxf5 Qxd5 29. Qe8+ Qg8 30. f6 Bxf6 31. Qxg8+ Kxg8 32. Re6 Kg7 33. Rxa6
Rxc3 34. Rxa7+ Kh6 35. Rd1 Rc4 36. Rd7 Ra4 37. Rd2 1-0

[Event "Bay Area International"]
[Site "?"]
[Date "2019.01.06"]
[Round "8"]
[White "Nagarajan, Pranav"]
[Black "Betaneli, Alex"]
[Result "1/2-1/2"]
[WhiteElo "2206"]
[BlackElo "2254"]
[PlyCount "147"]
[EventDate "2019.??.??"]
[SourceVersionDate "2019.01.06"]

1. c4 e6 2. Nc3 d5 3. d4 Be7 4. cxd5 exd5 5. Bf4 c6 6. e3 Bd6 7. Bxd6 Qxd6 8.
Bd3 Ne7 9. Qc2 Bg4 10. f3 Bh5 11. Nge2 Bg6 12. e4 Nd7 13. O-O O-O 14. Rad1 a6
15. e5 Bxd3 16. Qxd3 Qg6 17. f4 Qxd3 18. Rxd3 f5 19. a4 a5 20. Rb1 Kf7 21. b4
axb4 22. Rxb4 b6 23. Rd2 Ra7 24. Rb1 Rd8 25. Ra2 Rda8 26. Nc1 Ra6 27. Rba1 Nf8
28. g3 Ne6 29. N1e2 Ke8 30. Kf2 Kd7 31. Rb1 b5 32. Rb4 Nc8 33. Nc1 bxa4 34.
Raxa4 Kc7 35. Rxa6 Rxa6 36. Na4 Na7 37. Nb3 Nb5 38. Ke3 g6 39. h4 Ra8 40. Nac5
Nxc5 41. Nxc5 Ra3+ 42. Rb3 Ra1 43. Rd3 Kd8 44. Rd2 h5 45. Ne6+ Ke7 46. Nc5 Na3
47. Rd3 Ra2 48. Rb3 Nb5 49. Rb4 Ra3+ 50. Rb3 Ra2 51. Rb4 Rg2 52. Kf3 Rc2 53.
Ra4 Nxd4+ 54. Rxd4 Rxc5 55. Ra4 Rc3+ 56. Kf2 Rc2+ 57. Kf3 Rc3+ 58. Kf2 Ke6 59.
Rb4 Ra3 60. Rb6 Rc3 61. Rb4 Kd7 62. Rb7+ Kc8 63. Rg7 d4 64. Rxg6 c5 65. Rf6
Rc2+ 66. Ke1 d3 67. e6 c4 68. Rxf5 c3 69. Rc5+ Kb7 70. Kd1 Rd2+ 71. Kc1 Rc2+
72. Kd1 Rd2+ 73. Kc1 Rc2+ 74. Kd1 1/2-1/2

[Event "Bay Area International"]
[Site "?"]
[Date "2019.01.06"]
[Round "8"]
[White "Negi, Parimarjan"]
[Black "Katz, Alexander"]
[Result "1-0"]
[WhiteElo "2656"]
[BlackElo "2433"]
[PlyCount "108"]
[EventDate "2019.??.??"]

1. e4 c5 2. Nf3 Nc6 3. Nc3 g6 4. d4 cxd4 5. Nxd4 Bg7 6. Be3 Nf6 7. Nb3 O-O 8.
Be2 d6 9. f4 Be6 10. O-O a5 11. a4 Rc8 12. Kh1 Nb4 13. Nd4 Bc4 14. Bd3 Bxd3 15.
cxd3 Nd7 16. Ndb5 d5 17. e5 Nc5 18. Bxc5 Rxc5 19. d4 Rc6 20. Qe2 Qd7 21. Rae1
Qf5 22. g4 Qc2 23. Qxc2 Nxc2 24. Re2 Nb4 25. f5 Bh6 26. h4 g5 27. h5 Bg7 28.
Ref2 h6 29. Kg2 Rd8 30. Kf3 Rc4 31. b3 Rc6 32. Ke2 Rdc8 33. Kd2 Ra8 34. Rc1 Bf8
35. Rff1 Rd8 36. Ne2 Rdc8 37. Rxc6 bxc6 38. Rc1 Rb8 39. Na7 Rb6 40. f6 exf6 41.
exf6 Rb7 42. Nxc6 Nxc6 43. Rxc6 Rxb3 44. Rc8 Rf3 45. Nc3 Rf2+ 46. Ke3 Rxf6 47.
Nxd5 Re6+ 48. Kd3 f6 49. Ra8 Re1 50. Rxa5 Kf7 51. Ra7+ Ke6 52. Ne3 Ba3 53. a5
Bc1 54. Nf5 Kd5 1-0

[Event "Bay Area International"]
[Site "?"]
[Date "2019.01.06"]
[Round "8"]
[White "Prohaszka, Peter"]
[Black "Venkataraman, Karthik"]
[Result "0-1"]
[WhiteElo "2613"]
[BlackElo "2515"]
[PlyCount "90"]
[EventDate "2019.??.??"]

1. d4 Nf6 2. Nf3 g6 3. c4 Bg7 4. g3 O-O 5. Bg2 d6 6. O-O Nbd7 7. Nc3 e5 8. e4
exd4 9. Nxd4 Re8 10. h3 Nc5 11. Re1 Bd7 12. Rb1 h6 13. Kh2 a6 14. b4 Ne6 15.
Be3 Ng5 16. f3 Qc8 17. h4 Ngh7 18. Qd2 g5 19. g4 Qd8 20. Nf5 Bxf5 21. exf5 Nd7
22. hxg5 hxg5 23. Rbc1 Ne5 24. Ne4 b5 25. cxb5 axb5 26. Bxg5 Nxg5 27. Qxg5 Rxa2
28. Qxd8 Rxd8 29. Rf1 Nd3 30. Rcd1 Be5+ 31. Kh1 Nf4 32. Rf2 Ra4 33. Rc2 Kg7 34.
Ng3 Rh8+ 35. Nh5+ Nxh5 36. gxh5 Rxh5+ 37. Kg1 Rxb4 38. Rxc7 Rb2 39. Kf1 Rh2 40.
f4 Rhxg2 41. fxe5 Rbf2+ 42. Ke1 dxe5 43. Rd5 Rxf5 44. Rxb5 Ra2 45. Rbb7 Kg6 0-1

[Event "Bay Area International"]
[Site "?"]
[Date "2019.01.06"]
[Round "8"]
[White "Quesada, Yuniesky"]
[Black "Stukopin, Andrey"]
[Result "0-1"]
[WhiteElo "2642"]
[BlackElo "2565"]
[PlyCount "120"]
[EventDate "2019.??.??"]

1. e4 c5 2. Nf3 e6 3. d4 cxd4 4. Nxd4 Nc6 5. Nc3 Qc7 6. Be3 a6 7. a3 b5 8. Nxc6
Qxc6 9. Be2 Bb7 10. O-O Ne7 11. Qd2 Nf5 12. Bf4 Bc5 13. Rad1 Nd4 14. Bg4 O-O-O
15. Bh3 f6 16. Be3 e5 17. Nd5 Kb8 18. b4 Ba7 19. c3 Ne6 20. Bxa7+ Kxa7 21. Rfe1
Kb8 22. Re3 Nf4 23. Nxf4 exf4 24. Rd3 Qxe4 25. Re1 Qc4 26. Rd4 Qc7 27. Bxd7 f3
28. g3 h5 29. Re7 h4 30. g4 h3 31. Qe3 g5 32. Bxb5 Rxd4 33. cxd4 Qc8 34. Bd7
Qc2 35. Bf5 Qd1+ 36. Qe1 Qxd4 37. Be4 Bd5 38. Bf5 Rd8 39. b5 axb5 40. Qa5 Qd1+
41. Re1 Bb7 42. Kf1 Qd6 43. Re6 Qc7 44. Qxc7+ Kxc7 45. Ke1 Bd5 46. Re3 Ra8 47.
Kd2 Ra4 48. Be6 Be4 49. Rb3 Kd6 50. Bc8 Bc6 51. Bf5 Ke5 52. Re3+ Kf4 53. Rb3
Rd4+ 54. Rd3 Ra4 55. Rb3 Be4 56. Be6 Ra6 57. Bf7 Rd6+ 58. Kc1 Rc6+ 59. Kd2 Rc2+
60. Ke1 Rc1+ 0-1

[Event "Bay Area International"]
[Site "?"]
[Date "2019.01.06"]
[Round "8"]
[White "O'Connor, Derek"]
[Black "Kumar, Naman"]
[Result "1-0"]
[WhiteElo "2275"]
[BlackElo "1868"]
[PlyCount "133"]
[EventDate "2019.??.??"]
[SourceVersionDate "2019.01.06"]

1. d4 Nf6 2. c4 e6 3. Nc3 Bb4 4. e3 O-O 5. Nge2 Re8 6. a3 Bf8 7. d5 exd5 8.
cxd5 b6 9. g3 Bb7 10. Bg2 d6 11. O-O Nbd7 12. h3 Nc5 13. b4 Nce4 14. Bb2 Nxc3
15. Nxc3 g6 16. Rc1 a6 17. Ne2 Bg7 18. Nf4 Rc8 19. Qb3 Ne4 20. Bxg7 Kxg7 21.
Rc4 Nf6 22. Rd1 Re5 23. Qc3 b5 24. Rcd4 Kg8 25. h4 Nd7 26. Bh3 Re7 27. h5 Rb8
28. hxg6 hxg6 29. Nd3 Ne5 30. Nxe5 dxe5 31. R4d2 Qd6 32. Qc5 Rd8 33. e4 Kg7 34.
Bg4 Rf8 35. Qxd6 cxd6 36. Rc1 f5 37. Bf3 Rc8 38. Rxc8 Bxc8 39. Rc2 Bb7 40. Kf1
Kf7 41. Rc3 Kf6 42. Ke2 g5 43. Ke3 f4+ 44. Ke2 Kf7 45. Bg4 Kf6 46. Kf3 Rg7 47.
Kg2 Re7 48. Rc1 Rh7 49. Rh1 Rxh1 50. Kxh1 fxg3 51. fxg3 Kg6 52. Kg2 Kf6 53. Kh3
Kg6 54. Be6 Kh5 55. Bf7+ Kh6 56. Kg4 Bc8+ 57. Be6 Bxe6+ 58. dxe6 Kg6 59. e7 Kf7
60. Kxg5 Kxe7 61. Kf5 Kf7 62. g4 Ke7 63. g5 Kf7 64. g6+ Kg7 65. Kg5 d5 66. exd5
e4 67. d6 1-0

[Event "Bay Area International"]
[Site "?"]
[Date "2019.01.06"]
[Round "8"]
[White "Ostrovskiy, Aleksandr"]
[Black "Kiewra, Keaton"]
[Result "1/2-1/2"]
[WhiteElo "2439"]
[BlackElo "2362"]
[PlyCount "58"]
[EventDate "2019.??.??"]
[SourceVersionDate "2019.01.06"]

1. e4 c5 2. Nf3 d6 3. Bb5+ Bd7 4. Bxd7+ Qxd7 5. O-O Nf6 6. e5 dxe5 7. Nxe5 Qc8
8. Qf3 e6 9. Nc3 Be7 10. b3 O-O 11. Bb2 Nfd7 12. Nxd7 Qxd7 13. Ne4 Nc6 14. Rae1
Rad8 15. d3 Nd4 16. Qd1 Qc6 17. a4 b6 18. f4 a6 19. Kh1 b5 20. axb5 axb5 21.
Ng3 Bh4 22. Qg4 Bxg3 23. Qxg3 Rd5 24. Qf2 Rfd8 25. Re4 Nf5 26. Ra1 Nd6 27. Qg3
Nf5 28. Qf2 Nd6 29. Qg3 Nf5 1/2-1/2

[Event "Bay Area International"]
[Site "?"]
[Date "2019.01.06"]
[Round "8"]
[White "Ruiz, Joshua"]
[Black "Banik, Siddharth"]
[Result "1/2-1/2"]
[WhiteElo "2459"]
[BlackElo "2276"]
[PlyCount "91"]
[EventDate "2019.??.??"]
[SourceVersionDate "2019.01.07"]

1. e4 e5 2. Nf3 Nc6 3. Bb5 a6 4. Ba4 Nf6 5. Qe2 b5 6. Bb3 Be7 7. c3 O-O 8. O-O
d5 9. d3 Be6 10. Rd1 h6 11. Nbd2 Re8 12. Nf1 Bd6 13. Ng3 Ne7 14. d4 Ng6 15.
dxe5 Nxe5 16. Nxe5 Bxe5 17. f3 c6 18. exd5 Bxd5 19. Qf2 Bc7 20. Kh1 Bb6 21. Qf1
Qc7 22. Bxd5 Nxd5 23. Re1 Rxe1 24. Qxe1 Qd7 25. Bd2 Re8 26. Qd1 Rd8 27. Qb3 Nc7
28. Nf1 Qd3 29. Qd1 Ne6 30. Qb1 Qd5 31. Be3 Bc7 32. Qe4 Qxe4 33. fxe4 Bf4 34.
Bb6 Rb8 35. Ba7 Rd8 36. g3 Be5 37. Be3 Rd3 38. Rc1 Bf6 39. Rc2 c5 40. Rd2 Rxd2
41. Nxd2 c4 42. Kg2 Kf8 43. a4 Ke7 44. axb5 axb5 45. Nb1 Kd6 46. Na3 1/2-1/2

[Event "Bay Area International"]
[Site "?"]
[Date "2019.01.06"]
[Round "8"]
[White "SantAnna, Paulo"]
[Black "Kondakov, Adrian"]
[Result "1/2-1/2"]
[WhiteElo "1871"]
[BlackElo "2018"]
[PlyCount "151"]
[EventDate "2019.??.??"]
[SourceVersionDate "2019.01.06"]

1. Nf3 Nf6 2. c4 g6 3. b4 Bg7 4. Bb2 d6 5. g3 e5 6. Bg2 O-O 7. O-O Re8 8. d3 c6
9. Nbd2 Nbd7 10. Qc2 Qe7 11. a4 d5 12. cxd5 cxd5 13. b5 Nh5 14. Ba3 Qf6 15. e4
d4 16. Nc4 Bf8 17. a5 Bxa3 18. Rxa3 Nf8 19. a6 bxa6 20. bxa6 Bg4 21. Nfd2 Nd7
22. h3 Be6 23. Nd6 Red8 24. N2c4 Bxc4 25. Nxc4 Rdc8 26. Rb1 Nb6 27. Qa2 Nxc4
28. dxc4 Qc6 29. Ra5 Qe6 30. Rbb5 f6 31. Bf1 Ng7 32. Qa4 Qc6 33. Qb4 Ne6 34. c5
Kh8 35. Kh2 Ng5 36. Bg2 Nxe4 37. Qe1 f5 38. f3 Nf6 39. Qxe5 Re8 40. Qxd4 Re2
41. Rb2 Rae8 42. Raa2 R2e5 43. Rc2 Rd5 44. f4 Rxd4 45. Bxc6 Re7 46. Bb7 Nd5 47.
Rd2 Rxd2+ 48. Rxd2 Nc7 49. Kg2 Kg7 50. Kf3 Kf7 51. Rd8 Re8 52. Rxe8 Nxe8 53.
Ke3 Ke6 54. Kd4 Nc7 55. Bc8+ Kf6 56. h4 h5 57. c6 Ne8 58. Kd5 Ke7 59. c7 Nxc7+
60. Kc6 Ne8 61. Bd7 Nf6 62. Bc8 Ne4 63. Kb7 Kd8 64. Be6 Nc5+ 65. Kxa7 Nxe6 66.
Kb8 Nc7 67. a7 Kd7 68. Kb7 Kd6 69. Kb6 Na8+ 70. Kb7 Kd7 71. Kb8 Kd8 72. Kb7 Kd7
73. Kb8 Nc7 74. Kb7 Na8 75. Kb8 Nb6 76. Kb7 1/2-1/2

[Event "Bay Area International"]
[Site "?"]
[Date "2019.01.06"]
[Round "8"]
[White "Sathiaram, Sarvadh"]
[Black "Canessa, John"]
[Result "0-1"]
[WhiteElo "2046"]
[BlackElo "1958"]
[PlyCount "80"]
[EventDate "2019.??.??"]
[SourceVersionDate "2019.01.07"]

1. e4 e5 2. Nf3 Nc6 3. Bc4 Nf6 4. Ng5 d5 5. exd5 Na5 6. Bb5+ c6 7. dxc6 bxc6 8.
Bd3 Nd5 9. h4 f5 10. Qf3 Qf6 11. Nc3 Nb4 12. a3 Nxd3+ 13. Qxd3 h6 14. Nf3 e4
15. Nxe4 fxe4 16. Qxe4+ Qe6 17. Qxe6+ Bxe6 18. b4 Nb7 19. d4 a5 20. Rb1 axb4
21. axb4 Bd6 22. Bd2 Ra2 23. c3 Bd5 24. Rg1 O-O 25. Ne5 Bxe5 26. dxe5 g5 27.
hxg5 hxg5 28. Be3 Rf5 29. Bd4 Nd8 30. f3 Ne6 31. Rf1 Nf4 32. Kd1 Bc4 33. Re1
Be2+ 34. Rxe2 Nxe2 35. b5 cxb5 36. Rxb5 Nxd4 37. cxd4 Rxg2 38. Rb3 g4 39. e6
Rxf3 40. Rb8+ Rf8 0-1

[Event "Bay Area International"]
[Site "?"]
[Date "2019.01.06"]
[Round "8"]
[White "Shankar, Gauri"]
[Black "Yanayt, Eugene"]
[Result "1-0"]
[WhiteElo "2359"]
[BlackElo "2143"]
[PlyCount "85"]
[EventDate "2019.??.??"]
[SourceVersionDate "2019.01.07"]

1. Nf3 Nf6 2. g3 g6 3. b3 Bg7 4. Bb2 O-O 5. Bg2 d6 6. d4 b5 7. O-O Bb7 8. Na3
b4 9. Nc4 Nbd7 10. a3 a5 11. axb4 axb4 12. Qd2 c5 13. dxc5 dxc5 14. Rxa8 Bxa8
15. Rd1 Qc7 16. Nfe5 Nb6 17. Nxb6 Qxb6 18. Bxa8 Rxa8 19. Nxf7 Ra2 20. Bxf6 Bxf6
21. Nh6+ Kg7 22. Ng4 g5 23. Qd3 Qe6 24. Ne3 h5 25. Nf5+ Kf7 26. h3 Be5 27. Qe4
Kf6 28. Rd8 Kf7 29. Ne3 Bg7 30. Qf3+ Kg6 31. Kg2 Bf6 32. g4 h4 33. Nc4 Kg7 34.
Ne3 Ra1 35. Nf5+ Kf7 36. Qd3 Qc6+ 37. f3 Ra8 38. Qc4+ e6 39. Rd6 Qc8 40. Rb6
Be5 41. Qe4 Bf4 42. Nh6+ Kf6 43. Qf5+ 1-0

[Event "Bay Area International"]
[Site "?"]
[Date "2019.01.06"]
[Round "8"]
[White "Shetty, Atulya"]
[Black "Xiong, Jeffery"]
[Result "0-1"]
[WhiteElo "2401"]
[BlackElo "2672"]
[PlyCount "70"]
[EventDate "2019.??.??"]
[SourceVersionDate "2019.01.08"]

1. c4 e5 2. g3 Nf6 3. Bg2 d5 4. cxd5 Nxd5 5. Nc3 Nxc3 6. bxc3 Nc6 7. d3 Bc5 8.
Nf3 O-O 9. O-O Rb8 10. Qc2 Bf5 11. Ng5 Be7 12. Ne4 Qd7 13. Be3 Bh3 14. Bxh3
Qxh3 15. Bc5 Qd7 16. Qa4 f5 17. Bxe7 Qxe7 18. Qc4+ Kh8 19. Nd2 Rf6 20. Rab1 b6
21. e4 f4 22. d4 Rbf8 23. Rb5 fxg3 24. hxg3 Qe8 25. Rbb1 Qd7 26. Kg2 exd4 27.
f4 Rg6 28. e5 dxc3 29. Qxc3 Ne7 30. Rbd1 Nd5 31. Qd3 Qg4 32. f5 Rg5 33. Ne4 Rh5
34. f6 Qh3+ 35. Kf3 Rxe5 0-1

[Event "Bay Area International"]
[Site "?"]
[Date "2019.01.06"]
[Round "8"]
[White "Somalwar, Anaiy"]
[Black "Polgar-Shutzman, Tom"]
[Result "1/2-1/2"]
[WhiteElo "2069"]
[BlackElo "2181"]
[PlyCount "89"]
[EventDate "2019.??.??"]
[SourceVersionDate "2019.01.07"]

1. d4 Nf6 2. c4 e6 3. Nc3 Bb4 4. e3 O-O 5. Nge2 c6 6. a3 Ba5 7. b4 Bc7 8. Ng3
d5 9. cxd5 exd5 10. Bd3 Re8 11. O-O Ng4 12. Nce2 Qh4 13. h3 Nf6 14. Nf4 g5 15.
Nfh5 Nxh5 16. Qxh5 Qxh5 17. Nxh5 Bd8 18. g4 Nd7 19. Bd2 Nf6 20. Nxf6+ Bxf6 21.
Rab1 a6 22. a4 Bd7 23. Rfc1 Kg7 24. b5 axb5 25. axb5 Ra2 26. bxc6 Bxc6 27. Be1
Re6 28. Bb5 Bd8 29. Bxc6 bxc6 30. Rb8 Bc7 31. Rc8 Ra7 32. Bb4 Rb7 33. Bf8+ Kf6
34. Bc5 Kg7 35. Kg2 Kf6 36. Rc2 Bb6 37. Bxb6 Rxb6 38. Rc7 Kg7 39. Kg3 Rf6 40.
Rc8 Ra6 41. Rb8 Re6 42. Rc8 Rf6 43. Rc7 Rb6 44. Ra2 Rb1 45. Rc2 1/2-1/2

[Event "Bay Area International"]
[Site "?"]
[Date "2019.01.06"]
[Round "8"]
[White "Swiercz, Dariusz"]
[Black "Macieja, Bartlomiej"]
[Result "1/2-1/2"]
[WhiteElo "2649"]
[BlackElo "2509"]
[PlyCount "59"]
[EventDate "2019.??.??"]

1. e4 c6 2. d4 d5 3. e5 Bf5 4. Nf3 e6 5. Be2 Ne7 6. c3 h6 7. O-O Nd7 8. Nbd2
Qc7 9. Re1 Bh7 10. b4 a5 11. a4 Ng6 12. bxa5 Rxa5 13. Nb3 Ra8 14. h4 Ne7 15. h5
Nc8 16. a5 Be7 17. c4 dxc4 18. Bxc4 b6 19. a6 b5 20. Bd3 Bxd3 21. Qxd3 Ncb6 22.
Re4 O-O 23. Rg4 Kh8 24. Bxh6 gxh6 25. Qe3 Kh7 26. Qe4+ Kh8 27. Qf4 Kh7 28. Qe4+
Kh8 29. Qe3 Kh7 30. Qe4+ 1/2-1/2

[Event "Bay Area International"]
[Site "?"]
[Date "2019.01.06"]
[Round "8"]
[White "Taghizadeh, Rayan"]
[Black "Ringoir, Tanguy"]
[Result "0-1"]
[WhiteElo "2298"]
[BlackElo "2516"]
[PlyCount "68"]
[EventDate "2019.??.??"]
[SourceVersionDate "2019.01.08"]

1. d4 d5 2. Bf4 c5 3. e3 Nc6 4. Nf3 Nf6 5. Nbd2 Qb6 6. dxc5 Qxb2 7. Rb1 Qc3 8.
Bd3 g6 9. O-O Bg7 10. Qc1 O-O 11. Rb3 Qa5 12. c4 Qd8 13. Rd1 d4 14. Nxd4 Nxd4
15. exd4 Qxd4 16. Be3 Qe5 17. Nf3 Qc7 18. Bf4 Qxc5 19. Rb5 Qc6 20. Ne5 Qa6 21.
c5 Nh5 22. h3 Nxf4 23. Qxf4 Qxa2 24. Re1 Be6 25. Nf3 Rad8 26. Bf1 Bd5 27. Rxe7
Bc6 28. Rexb7 Bxb7 29. Rxb7 Rd1 30. Qe4 Qa1 31. Nh2 Rc1 32. c6 Bd4 33. Rd7 Bb6
34. Rd6 Bc7 0-1

[Event "Bay Area International"]
[Site "?"]
[Date "2019.01.06"]
[Round "8"]
[White "Talyansky, Seth"]
[Black "Arne, Mike"]
[Result "1/2-1/2"]
[WhiteElo "2201"]
[BlackElo "2124"]
[PlyCount "63"]
[EventDate "2019.??.??"]
[SourceVersionDate "2019.01.06"]

1. e4 e5 2. Nf3 Nc6 3. Bb5 Nf6 4. O-O Nxe4 5. Re1 Nd6 6. Nxe5 Nxe5 7. Rxe5+ Be7
8. Bd3 O-O 9. Nc3 Bf6 10. Re3 g6 11. Qf3 Bd4 12. Re2 Qf6 13. Qxf6 Bxf6 14. Nd5
Bd8 15. b3 Re8 16. Ba3 Rxe2 17. Bxe2 Ne8 18. Re1 d6 19. Bb5 Ng7 20. Ne7+ Kf8
21. Nxc8 Rxc8 22. Bd7 Ra8 23. Bb2 Bg5 24. d3 Rd8 25. Bg4 h5 26. Bh3 Bh6 27. Bd4
c5 28. Bf6 Re8 29. Rxe8+ Kxe8 30. Bc8 b6 31. Bb7 Ne6 32. Bc6+ 1/2-1/2

[Event "Bay Area International"]
[Site "?"]
[Date "2019.01.06"]
[Round "8"]
[White "Tarjan, James"]
[Black "Ke, Ivan"]
[Result "1/2-1/2"]
[WhiteElo "2402"]
[BlackElo "2251"]
[PlyCount "119"]
[EventDate "2019.??.??"]
[SourceVersionDate "2019.01.07"]

1. e4 e5 2. Nf3 Nc6 3. Bc4 Bc5 4. O-O Nf6 5. d3 d6 6. c3 O-O 7. Re1 a6 8. Bb3
Ba7 9. Nbd2 Ng4 10. Re2 Ne7 11. Nf1 Ng6 12. h3 Nf6 13. d4 Be6 14. Ng3 c5 15.
dxe5 dxe5 16. Bg5 c4 17. Rd2 Qc7 18. Bc2 Nd7 19. Nf5 Nc5 20. Be3 Rfd8 21. b4
cxb3 22. axb3 Rxd2 23. Nxd2 Nd7 24. Bxa7 Rxa7 25. c4 Ra8 26. Nf1 Bxf5 27. exf5
Ne7 28. Ne3 Nf6 29. Ng4 Nxg4 30. Qxg4 f6 31. Be4 Rd8 32. Qf3 Rd7 33. g4 a5 34.
h4 Nc6 35. Bd5+ Kf8 36. g5 Nd4 37. Qh5 Rxd5 38. cxd5 Qc3 39. Rd1 Qxb3 40. Rc1
Ke7 41. gxf6+ gxf6 42. Qxh7+ Kd6 43. Qc7+ Kxd5 44. Qf7+ Ke4 45. Qxb3 Nxb3 46.
Rc7 Kxf5 47. Rxb7 Nd4 48. Kg2 Kg4 49. Rh7 a4 50. f3+ Nxf3 51. Rg7+ Kf4 52. h5
a3 53. h6 a2 54. Ra7 Ng5 55. Rxa2 Kf5 56. Kg3 Kg6 57. Rh2 f5 58. Rh1 Kh7 59.
Rh5 Ne4+ 60. Kh4 1/2-1/2

[Event "Bay Area International"]
[Site "?"]
[Date "2019.01.06"]
[Round "8"]
[White "Wheeler, Cameron"]
[Black "Watson, John"]
[Result "1/2-1/2"]
[WhiteElo "2417"]
[BlackElo "2203"]
[PlyCount "63"]
[EventDate "2019.??.??"]
[SourceVersionDate "2019.01.07"]

1. c4 Nf6 2. g3 e5 3. Bg2 c6 4. d4 e4 5. Nh3 h6 6. O-O d5 7. cxd5 cxd5 8. f3
exf3 9. Rxf3 Nc6 10. Nc3 Be7 11. Rf1 Be6 12. Nf4 O-O 13. e3 Qd7 14. Bd2 Bb4 15.
Nd3 Bxc3 16. Bxc3 Ne4 17. Nc5 Nxc5 18. dxc5 Rad8 19. Re1 Rfe8 20. b4 Bh3 21.
Bh1 Bg4 22. Qd2 Ne5 23. Bxe5 Rxe5 24. Qd4 Qe6 25. b5 Bf5 26. c6 bxc6 27. bxc6
Be4 28. c7 Rc8 29. Qxa7 Bxh1 30. Kxh1 Re4 31. Rab1 Rc4 32. Rb8 1/2-1/2

[Event "Bay Area International"]
[Site "?"]
[Date "2019.01.06"]
[Round "8"]
[White "Wu, Rochelle"]
[Black "Johnston, Daniel"]
[Result "0-1"]
[WhiteElo "2154"]
[BlackElo "1979"]
[PlyCount "80"]
[EventDate "2019.??.??"]
[SourceVersionDate "2019.01.07"]

1. d4 Nf6 2. c4 g6 3. f3 d5 4. cxd5 Nxd5 5. e4 Nb6 6. Nc3 Bg7 7. Be3 O-O 8. Qd2
e5 9. d5 c6 10. h4 cxd5 11. exd5 Na6 12. a3 Nc7 13. Rd1 Qd6 14. Qf2 Nbxd5 15.
Bc5 Qc6 16. Nxd5 Nxd5 17. Bxf8 Bxf8 18. h5 Bc5 19. Qh4 Bf5 20. hxg6 Bxg6 21.
Ne2 Re8 22. Ng3 Ne3 23. Rd8 Nc2+ 24. Kd2 Be3+ 25. Kd1 Nd4 26. Rxe8+ Qxe8 27.
Ne4 Qa4+ 28. Ke1 Qc6 29. Qd8+ Kg7 30. Nc3 Bf4 31. Kd1 Bc2+ 32. Ke1 Qg6 33. Rh3
Bg3+ 34. Kd2 Nb3+ 35. Ke3 h5 36. Ne4 Bxe4 37. fxe4 Qh6+ 38. Ke2 Qf4 39. Rxg3+
Qxg3 40. Qd3 Nc1+ 0-1

[Event "Bay Area International"]
[Site "?"]
[Date "2019.01.06"]
[Round "8"]
[White "Ynojosa, Felix"]
[Black "Chandra, Akshat"]
[Result "1-0"]
[WhiteElo "2368"]
[BlackElo "2492"]
[PlyCount "63"]
[EventDate "2019.??.??"]

1. e4 e5 2. Nf3 Nc6 3. Bc4 Bc5 4. Nc3 Nf6 5. d3 a6 6. Bg5 h6 7. Bxf6 Qxf6 8.
Nd5 Qd8 9. c3 d6 10. d4 exd4 11. cxd4 Ba7 12. h3 O-O 13. O-O b5 14. Bb3 Bb7 15.
Rc1 Rc8 16. Re1 Na5 17. Bc2 c5 18. Qd3 c4 19. Qd2 Nc6 20. Bb1 Ne7 21. Nf4 Ng6
22. Nxg6 fxg6 23. b3 Bb6 24. Qe2 cxb3 25. axb3 Rxc1 26. Rxc1 Qe7 27. Qd3 Rf4
28. Re1 Qf7 29. e5 Bxf3 30. e6 Qf5 31. Qxf3 Qf8 32. Qxf4 1-0